<?xml version="1.0" encoding="UTF-8"?>
<record
    xmlns:xsi="http://www.w3.org/2001/XMLSchema-instance"
    xsi:schemaLocation="http://www.loc.gov/MARC21/slim http://www.loc.gov/standards/marcxml/schema/MARC21slim.xsd"
    xmlns="http://www.loc.gov/MARC21/slim">

  <leader>01591    a2200217   4500</leader>
  <controlfield tag="001">53234</controlfield>
  <controlfield tag="005">20260407155806.0</controlfield>
  <controlfield tag="008">260407a2006    arg                 spa d</controlfield>
  <controlfield tag="003">AR-UNSa-BCEJYS</controlfield>
  <datafield tag="040" ind1=" " ind2=" ">
    <subfield code="a">AR-UNSa-BCEJYS</subfield>
    <subfield code="b">spa</subfield>
    <subfield code="c">AR-UNSa-BCEJYS</subfield>
  </datafield>
  <datafield tag="080" ind1=" " ind2=" ">
    <subfield code="a">336.71</subfield>
    <subfield code="x">Bancos. Sistema bancario </subfield>
  </datafield>
  <datafield tag="245" ind1="1" ind2="0">
    <subfield code="a">Financiamiento para el desarrollo</subfield>
    <subfield code="p">Am&#xE9;rica Latina desde una perspectiva comparada</subfield>
  </datafield>
  <datafield tag="020" ind1=" " ind2=" ">
    <subfield code="a">92-1-322929-1</subfield>
  </datafield>
  <datafield tag="264" ind1=" " ind2="1">
    <subfield code="a">Santiago de Chile :</subfield>
    <subfield code="b">CEPAL (Comisi&#xF3;n Econ&#xF3;mica para Am&#xE9;rica Latina y el Caribe)</subfield>
    <subfield code="c">2006</subfield>
  </datafield>
  <datafield tag="300" ind1=" " ind2=" ">
    <subfield code="a">389 p.</subfield>
    <subfield code="c">23 cm.</subfield>
  </datafield>
  <datafield tag="505" ind1=" " ind2=" ">
    <subfield code="a">1. Financiamiento para el desarrollo: problemas y tendencias - Parte I: Modificaciones en el sistema financiero de Am&#xE9;rica Latina desde 1990: comparaciones con Asia oriental - 2. Liberalizaci&#xF3;n financiera,crisis y repercusiones - 3. Cambios en la estructura de propiedad: bancos p&#xFA;blicos,privados y extranjeros - 4. En busca de la estabilidad: regulaci&#xF3;n,supervisi&#xF3;n y entorno macroecon&#xF3;mico - 5. De bancos a mercados de capitales: nuevas fuentes de financiamiento - Parte II: El impacto del nuevo sistema financiero en la inversi&#xF3;n y el acceso en Am&#xE9;rica Latina - 6. Chile: la propiedad mixta proporciona un nuevo modelo - 7. M&#xE9;xico: los bancos extranjeros asumen el control - 8. Brasil: los bancos p&#xFA;blicos siguen desempe&#xF1;ando un papel fundamental - Parte III: Recomendaciones de pol&#xED;tica para lograr un sistema financiero m&#xE1;s fuerte - 9. Una agenda de pol&#xED;ticas para el sector financiero</subfield>
  </datafield>
  <datafield tag="041" ind1=" " ind2=" ">
    <subfield code="a">spa</subfield>
  </datafield>
  <datafield tag="942" ind1=" " ind2=" ">
    <subfield code="c">BK</subfield>
  </datafield>
  <datafield tag="590" ind1=" " ind2=" ">
    <subfield code="a">niveau_biblio:m niveau_hierar:0</subfield>
  </datafield>
  <datafield tag="100" ind1="1" ind2=" ">
    <subfield code="a">Stallings, B&#xE1;rbara</subfield>
  </datafield>
  <datafield tag="999" ind1=" " ind2=" ">
    <subfield code="c">5152</subfield>
    <subfield code="d">5152</subfield>
  </datafield>
  <datafield tag="952" ind1=" " ind2=" ">
    <subfield code="0">0</subfield>
    <subfield code="1">0</subfield>
    <subfield code="4">0</subfield>
    <subfield code="7">0</subfield>
    <subfield code="a">BCEJYS</subfield>
    <subfield code="b">BCEJYS</subfield>
    <subfield code="c">16</subfield>
    <subfield code="d">2026-04-07</subfield>
    <subfield code="l">0</subfield>
    <subfield code="o">336.71 S775</subfield>
    <subfield code="p">L116470</subfield>
    <subfield code="r">2026-04-07 15:58:06</subfield>
    <subfield code="w">2026-04-07</subfield>
    <subfield code="y">L</subfield>
  </datafield>
</record>
